Todos os Títulos do Santos - Statistics

Estatísticas Gerais
  • Esse quiz foi jogado 46 vezes
  • A pontuação média é 12 de 22
Estatísticas das Respostas
Ano (s) Tipo/Modalidade Título % Correto
1962 e 1963 Mundial (Masculino) Copa do Mundo de Clubes da Fifa
100%
1961, 1962, 1963, 1964, 1965, 1968, 2002 e 2004 Nacional (Masculino) Campeonato Brasileiro
95%
1935, 1955, 1956, 1958, 1960, 1961, 1962, 1964, 1965, 1967, 1968, 1969, 1973, 1978, 1984, 2006, 2007, 2010, 2011, 2012, 2015 e 2016 Estadual (Masculino) Campeonato Paulista
95%
2017 Nacional (Feminino) Campeonato Brasileiro
92%
1962, 1963 e 2011 Continental (Masculino) Copa Libertadores da América
92%
2009 e 2010 Continental (Feminino) Copa Libertadores da América
92%
2010 Nacional (Masculino) Copa do Brasil
89%
2008 e 2009 Nacional (Feminino) Copa do Brasil
89%
2012 Continental (Masculino) Re-copa Sulamericana
86%
2024 Nacional (Masculino) Campeonato Brasileiro - Série B
78%
1959, 1963, 1964, 1966 e 1997 Interestadual (Masculino) Torneio Rio-São Paulo
78%
1998 Continental (Masculino) Copa CONMEBOL
51%
2004 Estadual (Masculino) Copa Paulista
41%
2020 e 2024 Estadual (Feminino) Copa Paulista
41%
1984, 2013 e 2014 Nacional (Base) Copa São Paulo de Futebol Júnior
38%
2007, 2010, 2011 e 2018 Estadual (Feminino) Campeonato Paulista
30%
2006 Continental (Feminino) Copa Mercosul
16%
2025 Nacional (Feminino) Campeonato Brasileiro - A2
8%
1968 Intercontinentais (Masculino) Supercopa de Campeões Intercontinentais
8%
2009 Estadual (Feminino) Liga Paulista
5%
2011 Internacional (Feminino) Torneio Internacional Interclubes[
5%
2007 Nacional (Feminino) Liga Nacional
3%
Nenhum quiz correspondente encontrado
Distribuição das Pontuações
Porcentagem de Pessoas com Cada Pontuação
Percentil de Números Respondidos
Sua Pontuação Histórica
Você não jogou esse quiz